000 00612nam a22001937a 4500
001 BD-DhSAU 9922
003 BD-DhSAU
005 20150625123426.0
008 150625b1990 bg ||||r|||| 000 0 ben d
040 _aBD-DhSAU
082 _222
_a---
_bসাবেস
100 _aসাবের, মঈনুল আহসান
245 _aসতের বছর পর /
_cমঈনুল আহসান সাবের
260 _aঢাকা :
_bঅনন্যা,
_c১৯৯০.
300 _a৬৪ প. :
_c২১ সেমি
590 _ajoy
650 _aউপন্যাস
942 _2ddc
_cBOOK
999 _c9922
_d9921